Siete ensayos sobre sociología sexual / (Record no. 77831)

MARC details
000 -LEADER
campo de control de longitud fija 00568nam a2200193 i 4500
001 - NÚMERO DE CONTROL
campo de control 77831
003 - IDENTIFICADOR DE NÚMERO DE CONTROL
campo de control ES-MaACL
005 - FECHA Y HORA DE LA ÚLTIMA TRANSACCIÓN
campo de control 20250822035136.0
007 - CAMPO FIJO DE DESCRIPCIÓN FÍSICA--INFORMACIÓN GENERAL
campo de control de longitud fija t|
008 - DATOS DE LONGITUD FIJA--INFORMACIÓN GENERAL
campo de control de longitud fija 041111q1929 sp ||||1| spa d
080 ## - NÚMERO DE LA CLASIFICACIÓN DECIMAL UNIVERSAL
Número de la Clasificación Decimal Universal 159.922.1
100 1# - ENTRADA PRINCIPAL--NOMBRE DE PERSONA
Nombre de persona Saldaña, Quintiliano,
Fechas asociadas al nombre 1878-1938
9 (RLIN) 101861
245 10 - MENCIÓN DEL TÍTULO
Título Siete ensayos sobre sociología sexual /
Mención de responsabilidad, etc. Quintiliano Saldaña.
260 ## - PUBLICACIÓN, DISTRIBUCIÓN, ETC.
Lugar de publicación, distribución, etc. [Madrid] :
Nombre del editor, distribuidor, etc. Mundo Latino,
Fecha de publicación, distribución, etc. [1929?]
300 ## - DESCRIPCIÓN FÍSICA
Extensión 291 p. ;
Dimensiones 20 cm.
650 #7 - PUNTO DE ACCESO ADICIONAL DE MATERIA--TÉRMINO DE MATERIA
Término de materia o nombre geográfico como elemento de entrada Psicología sexual
Fuente del encabezamiento o término embne
9 (RLIN) 16572
852 ## - LOCALIZACIÓN
Ubicación ES-MaACL
Número de control de estantería E-10319
Sublocalización o colección R.133715
Holdings
Estatus retirado Estado de pérdida Estado de daño No para préstamo Biblioteca de origen Biblioteca actual Ubicación en estantería Fecha de adquisición Fuente de adquisición Total de préstamos Signatura topográfica completa Código de barras Visto por última vez Precio de reemplazo Tipo de ítem Koha
        Biblioteca del Ateneo de Madrid Biblioteca del Ateneo de Madrid Depósito 2 17/01/2008     E-10319 1081426 23/02/2023 23/02/2023 Libro impreso